Statistics for Chemistry and Physics: Common Formulas

Click here to take the quiz!

General Stats

  • This quiz has been taken 434 times
  • The average score is 4 of 18

Answer Stats

HintAnswer% Correct
F= dp/dtForce or Newton's Second Law
71%
p=mvMomentum
71%
ρ=m/VDensity
62%
pv=nRTPerfect Gas law or Ideal Gas Law
40%
τ = r × FTorque
36%
n1 sin θ1 = n2 sin θ2Snell's Law
26%
G=H-TSGibbs Free Energy
23%
P1V1=P2V2Boyle's Law
22%
F = − k ΔxHooke's Law or Spring Force
15%
k = Ae^(-Ea/RT)Arrhenius Equation
14%
P + ρgy + ½ρv^2 = P2 + ρgy^2 + ½ρv^2Bernoulli's Equation
13%
E = mc^2Mass-Energy Theorem
13%
E = hfPhoton Energy
6%
pH = pKa + log (A-/HA)Henderson-Hasselbalch Equation
4%
En = -Rh(1/n^2)Rydberg's Equation
1%
ΔE = q + wFirst Law of Thermodynamics
1%
c = kPHenry's Law
1%
ΔV = βVΔTLiquid Expansion
0%

Score Distribution

Percentile by Number Answered

Percent of People with Each Score

Your Score History

You have not taken this quiz